000 00613nam a2200265Ia 4500
005 20260306163441.0
008 008 260114s9999 xx 000 0 eng d
020 _a9780824869649
037 _aEBOOK
040 _aCRL
040 _beng
040 _cCRL
041 _2eng
041 _aeng
084 _qCRL
100 _aWillford
_91128654
245 0 _aTamils And The Haunting Of Justice
260 _bUniversity of Hawaii Press
260 _c2018
650 _aHistory
856 _uhttps://academic.oup.com/book/30667
942 _cEBOOK
999 _c1710151
_d1710151